|
|
|
|
| LEADER |
00734nam a2200253 a 4500 |
| 001 |
adlib96000001 |
| 003 |
ViArRB |
| 005 |
20151026130536.0 |
| 008 |
960221s1955 dcuabcdjdbkoqu001 0deng d |
| 020 |
|
|
|
| 022 |
|
|
|
| 040 |
|
|
|a Adlib
|
| 082 |
|
|
|a 53
|
| 245 |
|
|
|a Applied physics
|
| 250 |
|
|
|a 2nd ed.
|
| 260 |
|
|
|a New YorK
|b McGraw-Hill
|c 1973
|
| 300 |
|
|
|a ix,758p.
|
| 500 |
|
|
|a
|
| 100 |
|
|
|a Tippens, Paul E
|
| 700 |
|
|
|
| 942 |
|
|
|c BK
|6 _
|
| 653 |
|
|
|a Physics
|a Optics
|a Biophysics
|a Astrophysics
|a Nuclear physics
|a Radioactivity
|a Quantum theory
|a Mechanics
|a Hydrostatics
|a Thermodynamics
|
| 999 |
|
|
|c 7572
|d 7572
|
| 952 |
|
|
|0 0
|1 0
|4 0
|6 53_TIP
|7 0
|9 18977
|a UL
|b UL
|d 2010-06-16
|l 2
|o 53 TIP
|p 00014768
|r 2010-08-26
|s 2010-08-04
|w 2010-06-16
|y BK
|